|
|
|
|
| LEADER |
00000nam a2200000 i 4500 |
| 001 |
1/6601 |
| 008 |
960711s1988 eng d |
| 020 |
|
|
|a 0-04-440289-9
|
| 035 |
|
|
|l 10016410
|
| 040 |
|
|
|a GR-MY-UA
|b gre
|e aacr
|
| 041 |
0 |
|
|a eng
|
| 082 |
0 |
|
|a 909.0491992
|
| 100 |
1 |
|
|a Lang, David Marshall.
|
| 245 |
1 |
4 |
|a The Armenians :
|b a people in exile /
|c David Marshall Lang
|
| 260 |
|
|
|a London :
|b Unwin,
|c 1988
|
| 300 |
|
|
|a 203 p.
|
| 504 |
|
|
|a Includes bibliographical references and index
|
| 651 |
|
0 |
|a Armenia
|x History.
|
| 852 |
|
|
|a INST
|b LESVOS
|e 19960711
|h 909.0491992 MAR
|p 005100009734
|q 005100009734
|t BK
|y 0
|
| 909 |
|
|
|a Λ
|b 044984
|
| 922 |
|
|
|a 1ΔΩΡ
|b 199604
|c ΤΚΑ
|